Statistics for Dynamo Kyiv Best Scorer By Year

Click here to take the quiz!

General Stats

  • This quiz has been taken 54 times
    (9 since last reset)
  • The average score is 10 of 42

Answer Stats

Player% Correct
Andriy Shevchenko
100%
Oleg Blokhin
67%
Serhiy Rebrov
56%
Serhiy Rebrov
56%
Oleksandr Aliyev
44%
Valery Lobanovsky
44%
Victor Leonenko
44%
Andriy Yarmolenko
33%
Artem Kravets
33%
Artem Milevskiy
33%
Brown Ideye
33%
Dieumerci Mbokani
33%
Florin Cernat
33%
Ismaël Bangoura
33%
Maksim Shatskikh
33%
Vitaliy Buyalskyi
33%
Vladyslav Vanat
33%
Alexei Mikhailichenko
22%
Anatoliy Puzach
22%
Georgi Demetradze
22%
Oleg Salenko
22%
Oleksandr Melaschenko
22%
Valyantsin Byalkevich
22%
Viktor Tsyhankov
22%
Anatoliy Byshovets
11%
Andriy Biba
11%
Fyodor Dashkov
11%
Mikhail Koman
11%
Oleh Bazilevich
11%
Oleh Protasov
11%
Vadym Yevtushenko
11%
Viktor Kanevskyi
11%
Viktor Kolotov
11%
Viktor Serebryanikov
11%
Volodymyr Veremeyev
11%
Adamas Golodets
0%
Andrei Zazroyev
0%
Dezideriy Tovt
0%
Hennadiy Lytovchenko
0%
Viktor Kashchei
0%
Vitaliy Khmelnitskiy
0%
Yuriy Hrytsyna
0%

Score Distribution

Percentile by Number Answered

Percent of People with Each Score

Your Score History

You have not taken this quiz since the last reset